| 000 | 00599nab a2200205 a 4500 | ||
|---|---|---|---|
| 005 | 20210219160921.0 | ||
| 008 | 991125s1985 mx 000 0 spa u | ||
| 035 | _aUPN01000175353 | ||
| 100 | 1 | _aGarcía Murcia, Carmen Isadora | |
| 222 | _aENTRE MAESTROS : | ||
| 222 | _bREVISTA PARA MAESTROS DE EDUCACION BASICA | ||
| 245 | _a¡ Ya llegaron las cartas de Veracruz, maestra ! | ||
| 260 | _aMéxico | ||
| 300 | _a6-11 | ||
| 362 | 0 | _a2009 Vol. 9, no. 28, mar.-jun. | |
| 653 | 0 | _aEDUCACION PRIMARIA | |
| 653 | 0 | _aESTRATEGIAS DE ENSEÑANZA | |
| 653 | 0 | _aTECNICA FREINET | |
| 905 | _aArticulo | ||
| 999 |
_c147457 _d147457 |
||